Les 7 péchés capitaux - Mort subite - Statistiques

Statistiques générales
  • Ce quiz a été pris 3 755 fois
    1 121 depuis la dernière actualisation
  • Le résultat moyen est 5 sur 7
Answers on the Grid
Answers color-coded by a green-red scale on the quiz's grid according to % correct below.
Infidélité
Fainéantise
Humilité
Colère
Intolérance
Impatience
Injustice
Mensonge
Gourmandise
Insolence
Agressivité
Méchanceté
Avarice
Cruauté
Grossièreté
Arrogance
Excessivité
Envie
Irresponsabilité
Egoïsme
Impertinence
Luxure
Egocentricité
Vantardise
Orgueil
Médisance
Impulsivité
Hypocrisie
Paresse
Prétention
 
Statistiques - réponses
Réponse % Correct
Luxure
87%
Avarice
82%
Gourmandise
82%
Orgueil
82%
Paresse
78%
Envie
71%
Colère
67%
Aucun quiz correspondant
Distribution des résultats
% des personnes avec chaque résultat
Percentile par nombre de réponses
Votre historique - résultats
Vous n’avez pas pris ce quiz depuis la dernière actualisation